Pharmaceutical biotechnology : (Record no. 66561)
[ view plain ]
| 000 -LEADER | |
|---|---|
| fixed length control field | 00787nam a2200241 a 4500 |
| 001 - CONTROL NUMBER | |
| control field | 66561 |
| 003 - CONTROL NUMBER IDENTIFIER | |
| rucl marc code | BD-RjUL |
| 005 - DATE AND TIME OF LATEST TRANSACTION | |
| control field | 20211209081545.0 |
| 008 - FIXED-LENGTH DATA ELEMENTS--GENERAL INFORMATION | |
| fixed length control field | 170318s2004 gw a 001 0 eng d |
| 020 ## - INTERNATIONAL STANDARD BOOK NUMBER | |
| International Standard Book Number | 3527305548 |
| 035 ## - SYSTEM CONTROL NUMBER | |
| System control number | (BD-RjUL)66691 |
| 040 ## - CATALOGING SOURCE | |
| Original cataloging agency | BDS |
| Language of cataloging | eng |
| Transcribing agency | BD-RjUL |
| Modifying agency | BD-RjUL |
| 041 ## - LANGUAGE CODE | |
| Language code of text/sound track or separate title | eng |
| 082 0# - DEWEY DECIMAL CLASSIFICATION NUMBER | |
| Edition number | 23 |
| Classification number | 615.1 |
| Author mark and year | PHA 2004 |
| 245 00 - TITLE STATEMENT | |
| Title | Pharmaceutical biotechnology : |
| Remainder of title | drug discovery and clinical applications / |
| Statement of responsibility, etc. | Oliver Kayser, Rainer H. Müller. |
| 260 ## - PUBLICATION, DISTRIBUTION, ETC. (IMPRINT) | |
| Place of publication, distribution, etc. | Weinheim : |
| Name of publisher, distributor, etc. | Wiley-VCH, |
| Date of publication, distribution, etc. | c2004. |
| 300 ## - PHYSICAL DESCRIPTION | |
| Pagination | xxv, 311 p. : |
| Illustrations | ill. (some col.) ; |
| Size | 25 cm. |
| 504 ## - BIBLIOGRAPHY, ETC. NOTE | |
| Bibliography, etc | Includes bibliographical references and index. |
| 650 #0 - SUBJECT ADDED ENTRY--TOPICAL TERM | |
| Topical term or geographic name as entry element | Pharmaceutical biotechnology. |
| 9 (RLIN) | 197020 |
| 700 1# - ADDED ENTRY--PERSONAL NAME | |
| Personal name | Kayser, Oliver. |
| Personal name | Müller, Rainer H. |
| 942 ## - ADDED ENTRY ELEMENTS (KOHA) | |
| Source of classification or shelving scheme | Dewey Decimal Classification |
| Koha item type | Books |
| Lost status | Source of classification or shelving scheme | Damaged status | Not for loan | Collection code | Permanent Location | Current Location | Shelving location | Date acquired | Source of acquisition | Cost, normal purchase price | Total Checkouts | Full call number | Date last seen | Copy number | Koha item type |
|---|---|---|---|---|---|---|---|---|---|---|---|---|---|---|---|
| Dewey Decimal Classification | Not For Loan | Non-fiction | Central Library, University of Rajshahi | Central Library, University of Rajshahi | Reading Room | 03/01/2009 | Dhaka, Mullick & Brothers | 168.00 | 615.1 PHA 2004 | 18/03/2017 | C-1 | Books |